<?xml version="1.0" encoding="UTF-8"?><?xml-stylesheet type="text/xsl" href="static/style.xsl"?><OAI-PMH xmlns="http://www.openarchives.org/OAI/2.0/" xmlns:xsi="http://www.w3.org/2001/XMLSchema-instance" xsi:schemaLocation="http://www.openarchives.org/OAI/2.0/ http://www.openarchives.org/OAI/2.0/OAI-PMH.xsd"><responseDate>2026-04-27T19:58:57Z</responseDate><request verb="GetRecord" identifier="oai:uvadoc.uva.es:10324/73258" metadataPrefix="marc">https://uvadoc.uva.es/oai/request</request><GetRecord><record><header><identifier>oai:uvadoc.uva.es:10324/73258</identifier><datestamp>2025-09-09T06:08:43Z</datestamp><setSpec>com_10324_1173</setSpec><setSpec>com_10324_931</setSpec><setSpec>com_10324_894</setSpec><setSpec>col_10324_1371</setSpec></header><metadata><record xmlns="http://www.loc.gov/MARC21/slim" xmlns:doc="http://www.lyncode.com/xoai" xmlns:xsi="http://www.w3.org/2001/XMLSchema-instance" xmlns:dcterms="http://purl.org/dc/terms/" xsi:schemaLocation="http://www.loc.gov/MARC21/slim http://www.loc.gov/standards/marcxml/schema/MARC21slim.xsd">
<leader>00925njm 22002777a 4500</leader>
<datafield tag="042" ind1=" " ind2=" ">
<subfield code="a">dc</subfield>
</datafield>
<datafield tag="720" ind1=" " ind2=" ">
<subfield code="a">Morales Palomo, Sergio</subfield>
<subfield code="e">author</subfield>
</datafield>
<datafield tag="720" ind1=" " ind2=" ">
<subfield code="a">Tomás Pejó, Elia</subfield>
<subfield code="e">author</subfield>
</datafield>
<datafield tag="720" ind1=" " ind2=" ">
<subfield code="a">González Fernández, María Cristina</subfield>
<subfield code="e">author</subfield>
</datafield>
<datafield tag="260" ind1=" " ind2=" ">
<subfield code="c">2024</subfield>
</datafield>
<datafield tag="520" ind1=" " ind2=" ">
<subfield code="a">Some oleaginous yeasts have the ability to produce microbial oils from alternative carbon sources, such as short-chain fatty acids (SCFAs). Nevertheless, there is still a lack of information about the possible effects that media nutrients have on yeast metabolisms when using SCFAs. For instance, inorganic phosphate (PO43-) has been reported to promote yeast growth in literature but its chelating effect over other elements such as calcium (Ca2+) is often not considered in fermentation processes while limitation of nitrogen is probably the most studied. Attending at the need to better understand the role of PO43-, this work assessed the lipid production capacity of Yarrowia lipolytica ACA DC 50109, both in synthetic and real SCFAs-rich media, at different SCFAs concentrations and PO43-:Ca2+ ratios. Reducing PO43-:Ca2+ ratio was identified to be an important factor to improve yeast growth, reaching the highest lipid content (52.7 ± 0.9 % w/w) and lipid yield (0.31 ± 0.01 w/w) in media without PO43-. These results demonstrated the importance of Ca2+ availability in the medium and nutrients interactions in yeast growth that are often underestimated.</subfield>
</datafield>
<datafield tag="024" ind2=" " ind1="8">
<subfield code="a">Environmental Technology &amp; Innovation, noviembre 2024, vol. 36, 103767</subfield>
</datafield>
<datafield tag="024" ind2=" " ind1="8">
<subfield code="a">2352-1864</subfield>
</datafield>
<datafield tag="024" ind2=" " ind1="8">
<subfield code="a">https://uvadoc.uva.es/handle/10324/73258</subfield>
</datafield>
<datafield tag="024" ind2=" " ind1="8">
<subfield code="a">10.1016/j.eti.2024.103767</subfield>
</datafield>
<datafield tag="024" ind2=" " ind1="8">
<subfield code="a">103767</subfield>
</datafield>
<datafield tag="024" ind2=" " ind1="8">
<subfield code="a">Environmental Technology &amp; Innovation</subfield>
</datafield>
<datafield tag="024" ind2=" " ind1="8">
<subfield code="a">36</subfield>
</datafield>
<datafield tag="245" ind1="0" ind2="0">
<subfield code="a">Phosphate chelation over calcium impacts yeast growth and lipid production from short-chain fatty acids-rich media</subfield>
</datafield>
</record></metadata></record></GetRecord></OAI-PMH>